Statistics for 20 Countries never Far from the Equator, with a Map

Click here to take the quiz!

General Stats

  • This quiz has been taken 134 times
  • The average score is 15 of 20

Answer Stats

Continent Country % Correct
AfricaRepublic of the Congo
94%
South AmericaEcuador
93%
AfricaKenya
90%
AfricaUganda
89%
AsiaMalaysia
81%
AfricaGabon
81%
South AmericaSuriname
78%
AfricaRwanda
78%
South AmericaGuyana
77%
AsiaMaldives
77%
AfricaEquatorial Guinea
77%
AfricaBurundi
74%
AfricaSão Tomé and Príncipe
71%
AsiaSri Lanka
71%
AsiaBrunei
69%
OceaniaNauru
68%
OceaniaPalau
68%
AsiaSingapore
65%
AsiaEast Timor
60%
AfricaLiberia
27%

Score Distribution

Percentile by Number Answered

Percent of People with Each Score

Your Score History

You have not taken this quiz